<?xml version="1.0" encoding="UTF-8"?>
<record
    xmlns:xsi="http://www.w3.org/2001/XMLSchema-instance"
    xsi:schemaLocation="http://www.loc.gov/MARC21/slim http://www.loc.gov/standards/marcxml/schema/MARC21slim.xsd"
    xmlns="http://www.loc.gov/MARC21/slim">

  <leader>02198nam a2200313 i 4500</leader>
  <controlfield tag="003">DO-SdBNP</controlfield>
  <controlfield tag="005">20260321073646.0</controlfield>
  <controlfield tag="006">a||||gr|||| 00| 0 </controlfield>
  <controlfield tag="007">ta</controlfield>
  <controlfield tag="008">230830e1992    dr ||||| |||| 00| 0 spa d</controlfield>
  <datafield tag="040" ind1=" " ind2=" ">
    <subfield code="a">DO-SdBNP</subfield>
    <subfield code="b">spa</subfield>
    <subfield code="c">BNPHU</subfield>
    <subfield code="e">rda</subfield>
  </datafield>
  <datafield tag="082" ind1=" " ind2="4">
    <subfield code="a">324.27293</subfield>
    <subfield code="b">B742p, 1992</subfield>
    <subfield code="2">22</subfield>
  </datafield>
  <datafield tag="100" ind1="1" ind2=" ">
    <subfield code="a"> Bosch, Juan, </subfield>
    <subfield code="d">1909-2001</subfield>
    <subfield code="e">autor</subfield>
    <subfield code="9">76555</subfield>
  </datafield>
  <datafield tag="245" ind1="1" ind2="3">
    <subfield code="a">El PLD:</subfield>
    <subfield code="b">colecci&#xF3;n estudios sociales /</subfield>
    <subfield code="c">Juan Bosch</subfield>
  </datafield>
  <datafield tag="250" ind1=" " ind2=" ">
    <subfield code="a">2a. edici&#xF3;n</subfield>
  </datafield>
  <datafield tag="264" ind1=" " ind2="1">
    <subfield code="a">Santo Domingo :</subfield>
    <subfield code="b">Alfa &amp; Omega,</subfield>
    <subfield code="c">1992.</subfield>
  </datafield>
  <datafield tag="300" ind1=" " ind2=" ">
    <subfield code="a">326 p&#xE1;ginas ;</subfield>
    <subfield code="c">20 cm.</subfield>
  </datafield>
  <datafield tag="336" ind1=" " ind2=" ">
    <subfield code="2">rdacontent</subfield>
    <subfield code="a">texto</subfield>
    <subfield code="b">txt</subfield>
  </datafield>
  <datafield tag="337" ind1=" " ind2=" ">
    <subfield code="2">rdamedia</subfield>
    <subfield code="a">sin mediaci&#xF3;n</subfield>
    <subfield code="b">n</subfield>
  </datafield>
  <datafield tag="338" ind1=" " ind2=" ">
    <subfield code="2">rdacarrier</subfield>
    <subfield code="a">volumen</subfield>
    <subfield code="b">nc</subfield>
  </datafield>
  <datafield tag="505" ind1=" " ind2=" ">
    <subfield code="a">Palabras de informaci&#xF3;n para el lector.</subfield>
    <subfield code="t">Sobre las causas de los ataques a Santo Domingo en el siglo XVI y XVII.-- </subfield>
    <subfield code="t">Santo Domingo en el siglo XVII.-- </subfield>
    <subfield code="t">La revoluci&#xF3;n haitiana.-- </subfield>
    <subfield code="t">La Espa&#xF1;a Boba y la Independencia Ef&#xED;mera 1809-1822.-- </subfield>
    <subfield code="t">La ocupaci&#xF3;n haitiana (1822-1844).-- </subfield>
    <subfield code="t">Perfil pol&#xED;tico de Pedro Santana (I).-- </subfield>
    <subfield code="t">Perfil pol&#xED;tico de Pedro Santana (II).--  </subfield>
    <subfield code="t">La acumulaci&#xF3;n originaria en la Rep&#xFA;blica Dominicana (I).-- </subfield>
    <subfield code="t">La acumulaci&#xF3;n originaria en la Rep&#xFA;blica Dominicana (II).-- </subfield>
    <subfield code="t">La acumulaci&#xF3;n originaria en la Rep&#xFA;blica Dominicana (III).-- </subfield>
    <subfield code="t">La acumulaci&#xF3;n originaria en la Rep&#xFA;blica Dominicana (III).--</subfield>
    <subfield code="t">La acumulaci&#xF3;n originaria en la Rep&#xFA;blica Dominicana (IV).-- </subfield>
    <subfield code="t">Sobre las relaciones de producci&#xF3;n.-- </subfield>
    <subfield code="t">Sobre la divisi&#xF3;n de clases en la Rep&#xFA;blica Dominicana.-- </subfield>
    <subfield code="t">Sobre la formaci&#xF3;n de la burgues&#xED;a.-- </subfield>
    <subfield code="t">Acerca del Estado (I).-- </subfield>
    <subfield code="t">Acerca del Estado (II).--   </subfield>
    <subfield code="t">La deuda externa (I).--  </subfield>
    <subfield code="t">La deuda externa (II).-- </subfield>
    <subfield code="t">Los m&#xE9;todos de trabajo.-- </subfield>
    <subfield code="t">Base te&#xF3;rica de los m&#xE9;todos de trabajo.-- </subfield>
    <subfield code="t">Planes y m&#xE9;todos.-- </subfield>
    <subfield code="t">Organizaci&#xF3;n y disciplina (I).-- </subfield>
    <subfield code="t">Organizaci&#xF3;n y disciplina (II).-- </subfield>
    <subfield code="t">Organizaci&#xF3;n y disciplina (III)./</subfield>
  </datafield>
  <datafield tag="590" ind1=" " ind2=" ">
    <subfield code="a">Inventariado 2023 / YL</subfield>
  </datafield>
  <datafield tag="650" ind1=" " ind2="4">
    <subfield code="a">Partido de la Liberaci&#xF3;n Dominicana</subfield>
    <subfield code="9">1909</subfield>
  </datafield>
  <datafield tag="650" ind1=" " ind2="4">
    <subfield code="a">Partidos pol&#xED;ticos</subfield>
    <subfield code="v">Rep&#xFA;blica Dominicana</subfield>
    <subfield code="9">84037</subfield>
  </datafield>
  <datafield tag="651" ind1=" " ind2="0">
    <subfield code="a">Rep&#xFA;blica Dominicana</subfield>
    <subfield code="x">Pol&#xED;tica y gobierno</subfield>
    <subfield code="9">45</subfield>
  </datafield>
  <datafield tag="651" ind1=" " ind2="4">
    <subfield code="a">Rep&#xFA;blica Dominicana</subfield>
    <subfield code="x">Historia</subfield>
    <subfield code="9">170</subfield>
  </datafield>
  <datafield tag="910" ind1=" " ind2=" ">
    <subfield code="a">Ylockward/ Validado. Control de calidad MFF</subfield>
  </datafield>
  <datafield tag="942" ind1=" " ind2=" ">
    <subfield code="2">ddc</subfield>
    <subfield code="c">LBS1</subfield>
  </datafield>
  <datafield tag="952" ind1=" " ind2=" ">
    <subfield code="0">0</subfield>
    <subfield code="1">0</subfield>
    <subfield code="2">ddc</subfield>
    <subfield code="5">1</subfield>
    <subfield code="7">0</subfield>
    <subfield code="8">PD</subfield>
    <subfield code="a">BNPHU</subfield>
    <subfield code="b">BNPHU</subfield>
    <subfield code="c">HD</subfield>
    <subfield code="d">2021-12-16</subfield>
    <subfield code="e">Donado por el Colegio Nuestra Se&#xF1;ora Lourdes 16/12/2021</subfield>
    <subfield code="l">0</subfield>
    <subfield code="o">BNPHU PD 324.27293 B742p 1992</subfield>
    <subfield code="p">2023-8289</subfield>
    <subfield code="r">2023-12-07</subfield>
    <subfield code="w">2023-12-07</subfield>
    <subfield code="y">LBS1</subfield>
  </datafield>
  <datafield tag="999" ind1=" " ind2=" ">
    <subfield code="c">55630</subfield>
    <subfield code="d">55630</subfield>
  </datafield>
</record>
